Lord of the Rings by letter - S - Statistics

General Stats
  • This quiz has been taken 1,025 times
    1,019 since last reset
  • The average score is 15 of 18
Answer Stats
Hint Answer % Correct
The Dark Lord Sauron
100%
Lord of Isengard Saruman
99%
Land of the Hobbits the Shire
99%
Amount of Rings given to the dwarve-lords Seven
98%
Gollum Smeagol
98%
Giant Spider whose lair lies in the pass of Cirith Ungol Shelob
96%
What the Hobbits call Aragorn in Bree Strider
96%
Frodo's Elvish Sword Sting
94%
The Golden Dragon Smaug
93%
Denethor is the ....... of Gondor Steward
92%
Lord of the Mearas Shadowfax
76%
Shire-farthing that is famous for its pipeweed Southfarthing
74%
Last name of Lobelia, Otho and Lotho Sackville-Baggins
73%
Great Jewels created by Fëanor Silmarils
71%
Sam's name for Gollum Stinker
67%
Orc who kills Gorbag in the Tower of Cirith Ungol Shagrat
58%
Sam's name for Smeagol Slinker
49%
Saruman's nickname when he takes over the Shire Sharkey
48%
No matching quizzes found
Score Distribution
Percent of People with Each Score
Percentile by Number Answered
Your Score History
You have not taken this quiz since the last reset